000 00600nam a22001697a 4500
005 20241111190846.0
008 241111b |||||||| |||| 00| 0 eng d
020 _a9781133307327
050 _aKF2750
_b.B41 2014
245 _aMajor Principles of Media Law /
_cGenelle Belmas; Wayne Overbeck
250 _a2014 Ed.
260 _aUSA
_bCengage Learning
_cc2014
300 _axix, 652 pages
_c23cm
700 _aGenelle Belmas
_c(California State University, Fullerton)
700 _aWayne Overbeck
_c(California State University, Fullerton) Member of the California Bar
942 _2lcc
_cBK
_e2014 Ed.
_n0
999 _c1032
_d1032